|
|
|
|
| LEADER |
00928aam a22002658a 4500 |
| 001 |
00029096 |
| 005 |
20171026081025.0 |
| 008 |
120507s2010 ||||||viesd |
| 020 |
|
|
|c 66000
|
| 041 |
0 |
# |
|a vie
|
| 082 |
1 |
4 |
|a 895.922 100 9
|b H523C
|
| 100 |
1 |
# |
|a Hà, Minh Đức
|
| 245 |
1 |
0 |
|a Huy Cận ngọn lửa thiêng không tắt
|b (Chuyên luận, trò chuyện và ghi chép về thơ Huy Cận)
|c Hà Minh Đức
|
| 260 |
# |
# |
|a Hà Nội
|b Giáo dục
|c 2010
|
| 300 |
# |
# |
|a 353tr.
|c 21cm.
|
| 600 |
0 |
4 |
|a Huy Cận
|
| 650 |
# |
4 |
|a Nghiên cứu văn học
|z Việt Nam
|
| 653 |
# |
# |
|a Sáng tác
|
| 653 |
# |
# |
|a Tác giả
|
| 653 |
# |
# |
|a Văn học Việt Nam
|
| 852 |
# |
# |
|b Kho mượn
|j KM.0013916
|
| 852 |
# |
# |
|b Kho đọc
|j KD.0013506
|
| 852 |
# |
# |
|j KM.0013916
|j KD.0013506
|
| 910 |
|
|
|d 07/05/2012
|
| 980 |
# |
# |
|a Trung tâm Học liệu Lê Vũ Hùng, Trường Đại học Đồng Tháp
|